000 00789nam a2200289Ia 4500
005 20260324112630.0
008 008 260324s9999 xx 000 0 eng d
020 _a9781032713915
037 _aEBOOK
040 _aCRL
040 _beng
040 _cCRL
041 _2eng
041 _aeng
084 _qCRL
100 _aAnna Brzozowska; Stanisław Brzeziński; Arnold Pabian; Barbara Pabian
_91143509
245 0 _aManaging Customer Relationships Using Customer Care Techniques
245 0 _bStrategy Development of an International Enterprise
260 _bTaylor and Francis
260 _c2024
365 _a
365 _b260
856 _uhttp://www.taylorfrancis.com/books/9781032713915
942 _cEBOOK
999 _c1732786
_d1732786